Shōgen, kōdo seichōki no Nihon /

Saved in:
Bibliographic Details
Corporate Author: Mainichi Shinbunsha. Ekonomisuto Henshūbu.
Format: Book
Language:Japanese
Published: Tōkyō : Mainichi Shinbunsha, Shōwa 59 [1984]
Subjects:
Tags: Add Tag
No Tags, Be the first to tag this record!
LEADER 01123nam a2200313 a 4500
001 007767366-2
005 20024617115255.0
008 841119s1984 ja 001 0 jpn
010 |a 84238689 /AJ/r85 
020 |c Y2400 (v. 1) 
020 |c Y2400 (v. 2) 
035 0 |a ocm15401101 
040 |a DLC  |c DLC  |d *YNH*  |d CStRLIN 
043 |a a-ja--- 
050 0 |a HC462.9  |b .S5275 1984 
245 0 0 |6 880-01  |a Shōgen, kōdo seichōki no Nihon /  |c Ekonomisuto Henshūbu hen. 
260 |6 880-02  |a Tōkyō :  |b Mainichi Shinbunsha,  |c Shōwa 59 [1984] 
300 |a 2 v. ;  |c 20 cm. 
500 |a Includes indexes. 
651 0 |a Japan  |x Economic conditions  |y 1945- 
651 0 |a Japan  |x Economic policy  |y 1945- 
710 2 |6 880-03  |a Mainichi Shinbunsha.  |b Ekonomisuto Henshūbu. 
740 0 |6 880-04  |a Kōdo seichōki no Nihon. 
880 0 0 |6 245-01  |a 証言・高度成長期の日本 /  |c エコノミスト編集部編. 
880 |6 260-02  |a 東京 :  |b 每日新聞社,  |c 昭和 59 [1984] 
880 2 |6 710-03  |a 每日新聞社.  |b エコノミスト編集部. 
880 0 |6 740-04  |a 高度成長期の日本. 
988 |a 20021127 
906 |0 DLC